000 00454nam a2200181Ia 4500
008 230524s9999 xx 000 0 und d
020 _a8120300548
082 _a530.141
_bJOR
100 _aEdward C.Jordan
245 0 _aElectromagnetic Waves and Radiating Systems
250 _a2ND
260 _aNEW DELHI
_bPHI
_c2005
300 _aXIII;738
500 _aQuantity Number: 42
650 _aElectrical
700 _a Keith G.Balmain
942 _cBK
999 _c30035
_d30035